000 00289nam a22001097a 4500
008 170105b xxu||||| |||| 00| 0 eng d
020 _a9780205185429
041 _aeng
080 _26TH
_a618.2
245 _aFIRST AID FOR COLLEGES AND UNIVERSITIES
_cHAFEN, B.Q & KARREN, K.J
942 _2udc
_cBK
999 _c2566
_d2566